<The> Importance of Information Security Risk Management in Small and Medium-Sized Enterprises
V roku 2013 vyvinula Európska únia stratégiu (Digital Agenda for Europe - A Europe 2020 Initiative) doplnenú o legislatívny rámec kybernetickej bezpečnostnej stratégie EÚ, ktorá kladie dôraz na priority riadenia informačnej bezpečnosti v podnikoch. Riadenie bezpečnosti informácií a opatrenia proti...
Uložené v:
| Hlavný autor: | |
|---|---|
| Ďalší autori: | , |
| Médium: | Kapitola |
| Jazyk: | English |
| Predmet: | |
| Tagy: |
Žiadne tagy, Buďte prvý, kto otaguje tento záznam!
|
MARC
| LEADER | 00000naa$a2200000$$$4500 | ||
|---|---|---|---|
| 001 | 0209639 | ||
| 005 | 20240610085434.6 | ||
| 041 | 0 | |a eng | |
| 044 | |a SK | ||
| 245 | 1 | 0 | |a <The> Importance of Information Security Risk Management in Small and Medium-Sized Enterprises |c Vladimír Bolek, František Korček, Martina Beňová |
| 520 | |a V roku 2013 vyvinula Európska únia stratégiu (Digital Agenda for Europe - A Europe 2020 Initiative) doplnenú o legislatívny rámec kybernetickej bezpečnostnej stratégie EÚ, ktorá kladie dôraz na priority riadenia informačnej bezpečnosti v podnikoch. Riadenie bezpečnosti informácií a opatrenia proti možným rizikám. Informatizácia spoločnosti, konkurencieschopnosť a hospodársky rast. Aplikovanie na malé a stredné podniky na Slovensku. | ||
| 610 | 2 | 0 | |a manažment informačný |
| 610 | 2 | 0 | |a informatizácia |
| 610 | 2 | 0 | |a systémy informačné podnikové |
| 610 | 2 | 0 | |a podnik malý |
| 610 | 2 | 0 | |a podnik stredný |
| 610 | 2 | 0 | |a bezpečnosť informačná |
| 610 | 2 | 0 | |a riziko |
| 100 | 1 | |a Bolek, Vladimír, 1988- | |
| 700 | 1 | |a Korček, František | |
| 700 | 1 | |a Beňová, Martina | |